| 000 | 00439nam a2200157 4500 | ||
|---|---|---|---|
| 001 | 122372 | ||
| 003 | ES-MaACL | ||
| 005 | 20230906191950.0 | ||
| 007 | t| | ||
| 008 | 070214s1973 sp r ||||1| spa d | ||
| 100 | 1 |
_aPrieto Pérez, Eugenio. _993940 |
|
| 245 | 1 | 3 |
_aEl reaseguro _b: función económica / _cEugenio Prieto Pérez. |
| 260 |
_aMadrid : _bICE, _c1973. |
||
| 300 |
_a131 p. ; _c21 cm. |
||
| 852 |
_aES-MaACL _jC-54009 _bR.86912 |
||
| 999 |
_c122372 _d122372 |
||